00604nam a2200193 a 45000010005000000030005000050050017000100080041000270200015000680400020000831000027001032450139001302600016002693000011002854900025002966500026003216500031003476500032003783046CDMR20151026134202.0130130s1987||||||||||||||||||||||||||||d a8430774297 aCDMRbcatcCDMR1 aCasasús, Josep Maria10aIniciación a la periodísticab: manual de comunicación escrita y redacción periodística informativacJosep M. Casasús Guri c1988bTeide a161 p.0 aCiencias Socialesv904aComunicació escrita04aComunicacióxEnsenyament04aPeriodisme--Manuals d'estil